Quiz Hanoucca - Statistiques

Statistiques générales
  • Ce quiz a été pris 8 fois
  • Le résultat moyen est 9 sur 20
Statistiques - réponses
Hint Réponse % Correct
Quelle religion célèbre cette fête ? le judaïsme
100%
Durant quels mois se déroule-t-elle ? décembre-janvier
67%
Combien de temps dure-t-elle ? huit nuits
67%
Comment s'appelle le chandelier qu'on allume pendant les huits jours ? Menorah/Hanoukkia
67%
Citez une des lettres marquées sur la toupie Noun-Guimmel-Hei-Shin
67%
Combien de branche a ce dernier ? Neuf
67%
Comment s'appelle le mois où débute Hanoucca dans le calendrier juif ? Kislev
50%
Au pied de quel bâtiment français un grand chandelier est allumé chaque année ? la Tour Eiffel
50%
Quelle nouriture sucrée est souvent mangée durant Hanoucca ? les beignets/Soufganiya
50%
Dans quelle série un personnage se déguise en tatou pour raconter l'histoire de Hanoucca à son fils ? Friends
33%
Comment souhaiter Hanoucca en hébreu ? Hag Hanouka sameah
33%
Durant quel siècle se déroule cette révolte ? IIème siècle av. JC
33%
Comment s'appelle la galette de pomme de terre typiques de la tradition ashkénaze ? Latkes
33%
Quel est l'autre nom de Hanoucca ? la Fête des Lumières
33%
Comment s'appellent le groupe juif rebelle protagoniste de la légende de Hanoucca ? les Maccabées
33%
Contre qui ces derniers résistent-ils ? les Séleucides
33%
Comment s'appelle la toupie typique de la fête ? Dreidel
17%
Quel président américain a allumé pour la première fois en public un chandelier d'Hanoucca ? Jimmy Carter
17%
Quel personnage de South Park chante son regret de fêter Hanoucca au lieu de Noël ? Kyle Broflovski
17%
Dans quel livre de l'Ancien Testament la légende de Hanoucca est-elle racontée ? le Livre des Maccabées
17%
Aucun quiz correspondant
Distribution des résultats
% des personnes avec chaque résultat
Percentile par nombre de réponses
Votre historique - résultats
Vous n’avez pas pris ce quiz